000 00359 a2200169 4500
001 70332
020 _a8532900496
040 _cAnchieta - Itaigara
100 _aRocha, Ruth
240 1 0 _aA árvore do Beto
_lpor
245 1 0 _aA árvore do Beto
300 _a19
362 0 _a1996
440 1 _a
650 4 _aLiteratura infanto-juvenil
942 _cBK
999 _c70332
_d70332